00413nam a2200169 a 45000010005000000030009000050080041000140400028000550820018000831000025001012450022001262600031001483000010001796500025001899420012002149990017002265253CO-ViMGA141112s2004 ck r 000 u spa d aCO-ViMGAbspacCO-ViMGA04a833.914 H377l1 aHesse, Hermann9512110aEl lobo estepario aMadrid : bAlianza, c1996 a235 p14aNOVELA ALEMANA92669 2ddccBK c17250d17250